| 000 | 00652nam a2200205Ii 4500 | ||
|---|---|---|---|
| 003 | JO-AjNU | ||
| 008 | 230605s9999||||xx |||||||||||||| ||und|| | ||
| 040 |
_aJO-AjNU _bara _erda _cJO-AjNU |
||
| 041 | _aara | ||
| 050 | 1 | 4 | _aPJ7696.H34.A17.1984 |
| 100 | 3 |
_aتأليف الطائي، حاتم, _eauthor _935397 |
|
| 245 | 0 | 0 | _aديوان حاتم الطائي |
| 250 | _aط1 | ||
| 264 | 3 | 1 | _aبيروت:دار ومكتبة الهلال،1984 |
| 300 | _a83ص | ||
| 336 |
_atext _btxt _2rdacontent |
||
| 337 |
_aunmediated _bn _2rdamedia |
||
| 338 |
_avolume _bnc _2rdacarrier |
||
| 650 | 4 |
_a الشعر العربي - العصر الجاهلي _935398 |
|
| 999 |
_aA14610 _c18178 _d18178 |
||